Die genauen methoden der astronomisch-geographischen ortsbestimmung (Record no. 738)

MARC details
000 -LEADER
fixed length control field 00556nam a2200181Ia 4500
003 - CONTROL NUMBER IDENTIFIER
control field IN-BaIIA
008 - FIXED-LENGTH DATA ELEMENTS--GENERAL INFORMATION
fixed length control field 211028s9999 xx 000 0 eng d
040 ## - CATALOGING SOURCE
Transcribing agency IIA Library
080 ## - UNIVERSAL DECIMAL CLASSIFICATION NUMBER
Universal Decimal Classification number 526.6
Item number NIE
100 ## - MAIN ENTRY--PERSONAL NAME
Personal name Niethammer, Th
9 (RLIN) 1587
245 #0 - TITLE STATEMENT
Title Die genauen methoden der astronomisch-geographischen ortsbestimmung
Remainder of title band II
Statement of responsibility, etc. Th. Niethammer
260 ## - PUBLICATION, DISTRIBUTION, ETC.
Place of publication, distribution, etc. Basel
Name of publisher, distributor, etc. Verlag Birkhauser
Date of publication, distribution, etc. 1947
300 ## - PHYSICAL DESCRIPTION
Extent 181p.
490 ## - SERIES STATEMENT
Series statement Lehrbucher und monographien aus dem gebiete der exakten wiss
650 ## - SUBJECT ADDED ENTRY--TOPICAL TERM
Topical term or geographic name entry element Astronomical geodesy
650 ## - SUBJECT ADDED ENTRY--TOPICAL TERM
Topical term or geographic name entry element Geodesy
942 ## - ADDED ENTRY ELEMENTS (KOHA)
Koha item type Books
Holdings
Withdrawn status Lost status Damaged status Not for loan Home library Current library Shelving location Date acquired Total Checkouts Full call number Barcode Date last seen Price effective from Koha item type
        IIA Library-Bangalore IIA Library-Bangalore General Stacks     526.6/ NIE 762 05/11/2021   Books

Powered by Koha